[Event "Mittelfranken-chTB2a 1011"]
[Site "Germany"]
[Date "2011.02.13"]
[Round "6.8"]
[White "Schimmer, Alexander"]
[Black "Seel, Manfred"]
[Result "1-0"]
[WhiteElo "1502"]
[BlackElo "1661"]
[PlyCount "59"]
[EventDate "2010.09.26"]
[EventType "team-tourn"]
[EventRounds "9"]
[EventCountry "GER"]
[SourceTitle "EXT 2012"]
[Source "ChessBase"]
[SourceDate "2011.11.24"]
[SourceVersion "1"]
[SourceVersionDate "2011.11.24"]
[SourceQuality "1"]
[WhiteTeam "Grossenseebach"]
[BlackTeam "Kirchehrenbach/Ebermannstadt"]
[WhiteTeamCountry "GER"]
[BlackTeamCountry "GER"]

1. e4 c5 2. Nf3 d6 3. d4 cxd4 4. Nxd4 Nf6 5. Nc3 g6 6. Bc4 Bg7 7. Be3 0-0 8. 0-0 Nc6 9. Be2 Bd7 10. f4 Qb6 11. Na4 Qa5 12. Nc3 Qb6 13. Na4 Qc7 14. Nc3 a6 15. Nf3 Ng4 16. Nd5 Qa5 17. Bb6 Qa4 18. e5 Nb4 19. b3 Qc6 20. Nxe7+ Kh8 21. Nxc6 Bxc6 22. h3 Nh6 23. Qxd6 Nxc2 24. Rac1 Nf5 25. Qd2 Na3 26. Nd4 Nxd4 27. Qxd4 Nb5 28. Bxb5 Bxb5 29. Rfd1 Bc6 30. Qc5 1-0